| 000 | 00343 a2200157 4500 | ||
|---|---|---|---|
| 001 | 56539 | ||
| 020 | _a8532201458 | ||
| 040 | _cAnchieta - Pituba | ||
| 100 | _aAlbergaria, Lino de | ||
| 240 | 1 | 0 |
_aNosso muro de Berlim _lpor |
| 245 | 1 | 0 | _aNosso muro de Berlim |
| 300 | _a40 | ||
| 362 | 0 | _a1994 | |
| 650 | 4 | _aLiteratura juvenil | |
| 942 | _cBK | ||
| 999 |
_c56539 _d56539 |
||